000 01151nam a2200313 4500
001 27315
003 BD-RjUL
005 20211209051135.0
008 140325s1973 nyu br 001 0 eng
020 _a0379161354
035 _a(BD-RjUL)27387
040 _aDLC
_cDLC
_dDLC
_dBD-RjUL
_beng
041 _aeng
082 0 0 _a975.8
_bCHR 1973
245 0 0 _aChronology and documentary handbook of the State of Georgia /
_cMary L. Frech, State editor.
260 _aDobbs Ferry, N.Y. :
_bOceana Publications,
_cc1973.
300 _avi, 119 p. ;
_c24 cm.
350 _a$5.00
504 _aBibliography: p. 115. and index.
520 _aContains a chronology of historical events from 1540 to 1970, a directory of prominent citizens, an outline of the state constitution, and copies of three historical documents.
651 0 _aGeorgia
_xHistory
_xChronology.
_983862
651 0 _aGeorgia
_xHistory
_xSources.
_983863
651 1 _aGeorgia
_xHistory.
_983864
700 1 _aFrech, Mary L.,
_eed.
_983840
942 _2ddc
_cBK
999 _c27315
_d27315